000 005770000a22001810004500
003 MACL
005 20160120183806.0
008 160120b xxu||||| |||| 00| 0 eng d
040 _aMACL
_cMACL
041 _aHindi
082 _a100/MIS
100 _aमिश्र डॉ. सूनील चन्‍द्र
_933811
245 _aपाश्‍चात्‍य दर्शन
260 _bसाहित्‍य भवन पब्लिकेशन्‍स
_c2002
_aआगरा
350 _a50
650 _aPhilosophy
_933812
942 _cHIN
_k100/ MIS
_2ddc
999 _c30466
_d30466